000 00287nam a22001337a 4500
008 170523b xxu||||| |||| 00| 0 eng d
020 _a9780072987560
041 _aeng
080 _a62
100 _a26
101 _aIM
245 _aSEMICONDUCTOR DEVICES
_cNEAMEN,D
942 _2udc
_cBK
999 _c13935
_d13935